000 01023nam a2200253 i 4500
001 165716
003 ES-MaACL
005 20250815062651.0
008 940301q1894 sp |||| | spa d
040 _aAS
_bspa
100 1 _aStahl, Friedrich Julius.
_9132878
245 1 0 _aHistoria de la filosofia del derecho /
_cpor Federico Julio Stahl ; versión española precedida de un prólogo del Dr. Enrique Gil y Robles.
260 _aMadrid :
_bLa España Moderna,
_c[1894?] (
_fImprenta y litografia de los Huérfanos)
300 _a688 p. ;
_c22 cm.
490 1 _aBiblioteca de jurisprudencia, filosofía e historia
596 _aPalau 22 p. 140 lo fecha en 1895.
650 4 _aDerecho-
_xFilosofía-
_vHistoria.
_911621
700 1 _aGil y Robles, Enrique,
_d1849-1908
_956900
830 0 0 _aBiblioteca de jurisprudencia, filosofía e historia
_9180691
852 _aES-MaACL
_jF-4409
_z-- Enc. hol.
852 _aES-MaACL
_jA-1253
_z-- Enc. hol.
852 _aES-MaACL
_jF-14900
_z-- Rúst.
999 _c165716
_d165716